[Event "Benidorm op-A"]
[Site "Benidorm"]
[Date "2022.12.10"]
[Round "8"]
[White "Parramon Ros, Francesco"]
[Black "Perez Candelario, Matias"]
[Result "0-1"]
[WhiteElo "2003"]
[BlackElo "2009"]
[PlyCount "64"]
[EventDate "2022.12.03"]
[EventType "swiss"]
[EventRounds "9"]
[EventCountry "ESP"]
[SourceTitle "CBM 211 Extra"]
[Source "ChessBase"]
[SourceDate "2023.01.31"]
[SourceVersion "1"]
[SourceVersionDate "2023.01.31"]
[SourceQuality "1"]

1. e4 e5 2. Bc4 Nc6 3. d3 Nf6 4. Nc3 h6 5. Nf3 Bb4 6. 0-0 0-0 7. Nd5 Ba5 8. c3 d6 9. h3 Nxd5 10. exd5 Ne7 11. d4 e4 12. Nh2 c6 13. dxc6 d5 14. cxb7 Bxb7 15. Bb3 Bc7 16. f4 f5 17. Qh5 Kh7 18. Bd2 a5 19. a3 Rb8 20. Ba2 Ba6 21. Bc1 Bxf1 22. Nxf1 Qd6 23. g3 Rf6 24. Rb1 a4 25. Be3 Qa6 26. Qd1 Rfb6 27. Bc1 Rg8 28. Kf2 g5 29. b4 axb3 30. Rxb3 gxf4 31. gxf4 Rbg6 32. Rb2 Rg1 0-1

[Event "Benidorm op-A"]
[Site "Benidorm"]
[Date "2022.12.09"]
[Round "7"]
[White "Palomo Teruel, Xavier"]
[Black "Parramon Ros, Francesco"]
[Result "1/2-1/2"]
[WhiteElo "2038"]
[BlackElo "2003"]
[PlyCount "77"]
[EventDate "2022.12.03"]
[EventType "swiss"]
[EventRounds "9"]
[EventCountry "ESP"]
[SourceTitle "CBM 211 Extra"]
[Source "ChessBase"]
[SourceDate "2023.01.31"]
[SourceVersion "1"]
[SourceVersionDate "2023.01.31"]
[SourceQuality "1"]

1. e4 g6 2. d4 Bg7 3. Be3 d6 4. Nc3 a6 5. a4 Nf6 6. f3 0-0 7. Nge2 e5 8. Qd2 Nc6 9. d5 Ne7 10. Rd1 Ne8 11. Bh6 f5 12. Be3 Nf6 13. Bg5 Kh8 14. Nc1 fxe4 15. Bxf6 Bxf6 16. Nxe4 Nf5 17. Bc4 Bd7 18. a5 Bh4+ 19. g3 Nd4 20. 0-0 Nxf3+ 21. Rxf3 Rxf3 22. Qg2 Rf5 23. gxh4 Qxh4 24. Ne2 Raf8 25. N2g3 Rf4 26. Rf1 Kg8 27. Qe2 Bh3 28. Rf2 Rxf2 29. Nxf2 Rxf2 30. Kxf2 Bg4 31. Qe3 Qxh2+ 32. Ke1 Qxc2 33. Bd3 Qxb2 34. Ne4 Kg7 35. Qg5 Qa1+ 36. Kf2 Qd4+ 37. Kg2 Bf3+ 38. Kg3 Bxe4 39. Qe7+ 1/2-1/2

[Event "Catalunya-chT Gp1"]
[Site "Barcelona"]
[Date "2020.02.29"]
[Round "7.9"]
[White "Campins Machado, Francesc"]
[Black "Parramon Ros, Francesco"]
[Result "1/2-1/2"]
[WhiteElo "2129"]
[BlackElo "2013"]
[PlyCount "44"]
[EventDate "2020.01.18"]
[EventType "team-tourn"]
[EventRounds "7"]
[EventCountry "ESP"]
[SourceTitle "CBM 195 Extra"]
[Source "ChessBase"]
[SourceDate "2020.05.31"]
[SourceVersion "1"]
[SourceVersionDate "2020.05.31"]
[SourceQuality "1"]
[WhiteTeam "Badalona Cor de Marina"]
[BlackTeam "Gerunda"]
[WhiteTeamCountry "ESP"]
[BlackTeamCountry "ESP"]

1. Nf3 d6 2. c4 e5 3. Nc3 f5 4. d3 Nf6 5. g3 Be7 6. Bg2 0-0 7. 0-0 Qe8 8. c5 Kh8 9. cxd6 Bxd6 10. Rb1 Na6 11. a3 Nc5 12. b4 Ne6 13. a4 f4 14. Nb5 Qh5 15. Nxd6 cxd6 16. e3 g5 17. Nd2 g4 18. exf4 exf4 19. f3 fxg3 20. hxg3 Ng5 21. Bb2 Kg8 22. fxg4 Nxg4 1/2-1/2

[Event "Catalunya-chT Gp1"]
[Site "Barcelona"]
[Date "2020.02.22"]
[Round "6.8"]
[White "Travesset Ribera, Joaquin"]
[Black "Parramon Ros, Francesco"]
[Result "1-0"]
[WhiteElo "2133"]
[BlackElo "2013"]
[PlyCount "101"]
[EventDate "2020.01.18"]
[EventType "team-tourn"]
[EventRounds "7"]
[EventCountry "ESP"]
[SourceTitle "CBM 195 Extra"]
[Source "ChessBase"]
[SourceDate "2020.05.31"]
[SourceVersion "1"]
[SourceVersionDate "2020.05.31"]
[SourceQuality "1"]
[WhiteTeam "Mollet"]
[BlackTeam "Gerunda"]
[WhiteTeamCountry "ESP"]
[BlackTeamCountry "ESP"]

1. d4 d5 2. Bf4 Nf6 3. e3 e6 4. Bd3 Bd6 5. c3 c5 6. Bg3 Qc7 7. Nf3 Bxg3 8. hxg3 Nbd7 9. Nbd2 b6 10. Qe2 Bb7 11. e4 dxe4 12. Nxe4 Bxe4 13. Bxe4 Rd8 14. Bc2 cxd4 15. Nxd4 0-0 16. 0-0-0 Qe5 17. Qxe5 Nxe5 18. Rhe1 Nc4 19. Nc6 Rd6 20. Nxa7 Rfd8 21. Rxd6 Rxd6 22. Nb5 Rd8 23. a4 Kf8 24. b4 Ke7 25. Re2 Rc8 26. Bb3 h5 27. Bxc4 Rxc4 28. Kb2 Re4 29. Rd2 Re5 30. Kb3 Rd5 31. Re2 Kd7 32. Na3 Kc7 33. Nc4 Nd7 34. Ne3 Rd3 35. Kc2 Rd6 36. f4 g6 37. Nc4 Rc6 38. Ne5 Nxe5 39. Rxe5 f6 40. Rb5 Kd6 41. Kd3 e5 42. fxe5+ fxe5 43. c4 Ke6 44. Rd5 Kf5 45. b5 Re6 46. c5 bxc5 47. a5 Re8 48. b6 Rb8 49. Rxc5 g5 50. Rb5 h4 51. a6 1-0

[Event "Gerunda Tardor 3rd"]
[Site "Gerunda"]
[Date "2019.10.08"]
[Round "3.2"]
[White "Ros Bosch, Carles"]
[Black "Parramon Ros, Francesco"]
[Result "0-1"]
[WhiteElo "2156"]
[BlackElo "2165"]
[PlyCount "54"]
[EventDate "2019.09.24"]
[EventType "tourn"]
[EventRounds "9"]
[EventCountry "ESP"]
[SourceTitle "EXT 2024"]
[Source "ChessBase"]
[SourceDate "2023.10.10"]
[SourceVersion "1"]
[SourceVersionDate "2023.10.10"]
[SourceQuality "1"]

1. e4 c6 2. d4 d5 3. e5 Bf5 4. h4 h5 5. c4 e6 6. cxd5 Bxb1 7. Rxb1 Bb4+ 8. Bd2 Bxd2+ 9. Qxd2 Qxd5 10. Ne2 Qe4 11. Rc1 Nd7 12. f3 Qg6 13. Kf2 Ne7 14. Ng3 Qh6 15. Qc2 0-0 16. Bd3 Nb6 17. Nxh5 Qxh5 18. g4 Qh6 19. h5 Qf4 20. Bh7+ Kh8 21. g5 Qxd4+ 22. Ke2 Qxe5+ 23. Kf2 Nbd5 24. h6 Qe3+ 25. Kg2 Qxg5+ 26. Kf2 g6 27. Rce1 Kxh7 0-1

[Event "Platja d'Aro op-A 7th"]
[Site "Platja d'Aro"]
[Date "2019.06.24"]
[Round "1"]
[White "Parramon Ros, Francesco"]
[Black "Moskalenko, Viktor"]
[Result "0-1"]
[WhiteElo "2076"]
[BlackElo "2500"]
[PlyCount "51"]
[EventDate "2019.06.24"]
[EventType "swiss"]
[EventRounds "9"]
[EventCountry "ESP"]
[SourceTitle "CBM 191 Extra"]
[Source "ChessBase"]
[SourceDate "2019.09.30"]
[SourceVersion "1"]
[SourceVersionDate "2019.09.30"]
[SourceQuality "1"]

1. d4 g6 2. Nf3 Bg7 3. g3 f5 4. Bg2 Nf6 5. Nbd2 0-0 6. a4 c6 7. 0-0 d6 8. b3 Qe8 9. Bb2 h6 10. Re1 Na6 11. Rc1 g5 12. d5 cxd5 13. c4 e5 14. cxd5 e4 15. Nd4 e3 16. Nc4 exf2+ 17. Kxf2 f4 18. Kg1 fxg3 19. Nf3 g4 20. Nxd6 Qe3+ 21. Kh1 gxf3 22. exf3 Qg5 23. Rxc8 Raxc8 24. Nxc8 Rxc8 25. d6 Qh5 26. h3 0-1

[Event "Girona Gerunda Sarria Ter4th"]
[Site "Girona"]
[Date "2019.04.05"]
[Round "2.1"]
[White "Parramon Ros, Francesco"]
[Black "Gallart Vila, Joan"]
[Result "1-0"]
[WhiteElo "2077"]
[BlackElo "1745"]
[PlyCount "67"]
[EventDate "2019.03.29"]
[EventType "swiss"]
[EventRounds "9"]
[EventCountry "ESP"]
[SourceTitle "EXT 2024"]
[Source "ChessBase"]
[SourceDate "2023.10.10"]
[SourceVersion "1"]
[SourceVersionDate "2023.10.10"]
[SourceQuality "1"]

1. e4 c5 2. Nf3 Nc6 3. g3 d6 4. Bg2 Bg4 5. h3 Bxf3 6. Bxf3 g6 7. 0-0 Bg7 8. Bg2 Nf6 9. Kh2 0-0 10. d3 Nd7 11. f4 e6 12. Nd2 Nb6 13. c3 Qd7 14. Qe1 Rae8 15. Qf2 Nc8 16. Nf3 b5 17. Be3 f6 18. g4 b4 19. d4 bxc3 20. bxc3 cxd4 21. cxd4 Nb6 22. Rac1 f5 23. Ng5 fxg4 24. e5 d5 25. hxg4 Nc4 26. Rxc4 dxc4 27. Rc1 Rc8 28. Ne4 Nb4 29. Nc5 Rxc5 30. dxc5 Nd3 31. Qd2 Rb8 32. Rxc4 Rb2 33. Rc2 Rb1 34. c6 1-0

[Event "Miquel Mas op 19th"]
[Site "Castell de Sant Ferran"]
[Date "2018.08.16"]
[Round "9"]
[White "Gac, Riwal"]
[Black "Parramon Ros, Francesco"]
[Result "0-1"]
[WhiteElo "1716"]
[BlackElo "2059"]
[PlyCount "86"]
[EventDate "2018.08.09"]
[EventType "swiss"]
[EventRounds "9"]
[EventCountry "ESP"]
[SourceTitle "CBM 186 Extra"]
[Source "ChessBase"]
[SourceDate "2018.08.24"]
[SourceVersion "1"]
[SourceVersionDate "2018.08.24"]
[SourceQuality "1"]

1. e4 g6 2. d4 Bg7 3. Nc3 d6 4. f4 a6 5. Nf3 b5 6. Bd3 Nd7 7. e5 e6 8. 0-0 Bb7 9. Be3 Ne7 10. Be4 Bxe4 11. Nxe4 Nf5 12. Bf2 Nb6 13. Ng3 Nxg3 14. Bxg3 0-0 15. Qe2 Qd7 16. Rfd1 Qc6 17. Rac1 Rfc8 18. Nd2 Qd5 19. Nb3 Nc4 20. Rb1 Bh6 21. Qf3 Qxf3 22. gxf3 Ne3 23. Rd3 Nxc2 24. a3 c5 25. dxc5 dxc5 26. Rc3 c4 27. Rxc2 cxb3 28. Rc3 Rxc3 29. bxc3 Rc8 30. Rxb3 Rc4 31. Kf1 Kf8 32. Ke2 Ke8 33. Kd3 Bxf4 34. Rb4 Rxb4 35. cxb4 Bc1 36. Be1 Kd7 37. Kc2 Bf4 38. Bg3 Bxg3 39. hxg3 Kc6 40. Kd3 Kd5 41. f4 g5 42. Ke3 gxf4+ 43. Kxf4 Kd4 0-1

[Event "Miquel Mas op 19th"]
[Site "Castell de Sant Ferran"]
[Date "2018.08.14"]
[Round "7"]
[White "Parramon Ros, Francesco"]
[Black "Parals Marce, Luis"]
[Result "1-0"]
[WhiteElo "2059"]
[BlackElo "2038"]
[PlyCount "111"]
[EventDate "2018.08.09"]
[EventType "swiss"]
[EventRounds "9"]
[EventCountry "ESP"]
[SourceTitle "CBM 186 Extra"]
[Source "ChessBase"]
[SourceDate "2018.08.24"]
[SourceVersion "1"]
[SourceVersionDate "2018.08.24"]
[SourceQuality "1"]

1. Nf3 g6 2. d4 Bg7 3. g3 d6 4. Bg2 Nd7 5. 0-0 e5 6. dxe5 Nxe5 7. Nxe5 dxe5 8. Qxd8+ Kxd8 9. Rd1+ Ke8 10. Nc3 c6 11. Ne4 Bf8 12. Nd6+ Bxd6 13. Rxd6 Bf5 14. Be3 Rd8 15. Rad1 Rxd6 16. Rxd6 Ne7 17. Rd2 a6 18. Bg5 e4 19. c4 h6 20. Bf6 Rg8 21. h3 b5 22. g4 Be6 23. cxb5 axb5 24. Bxe4 Bxa2 25. Rd6 Be6 26. Kg2 Bd7 27. Kh2 c5 28. Ra6 Bc8 29. Ra7 Bd7 30. Ra8+ Bc8 31. Bb7 Kd7 32. Bxe7 Bxb7 33. Rxg8 Kxe7 34. Kg3 Kd6 35. Kf4 c4 36. Ke3 Kc5 37. Kd2 Kb4 38. Rb8 Bc6 39. Rb6 Kc5 40. Rb8 Kb4 41. h4 Kb3 42. Kc1 h5 43. gxh5 gxh5 44. Rh8 b4 45. Rxh5 Be4 46. f3 Bg6 47. Ra5 c3 48. bxc3 Kxc3 49. Rc5+ Kd4 50. Rc7 Bf5 51. Kb2 Ke3 52. Rxf7 Bg6 53. Re7+ Kd4 54. Kb3 Kc5 55. h5 Bb1 56. h6 1-0

[Event "Catalunya-chT Gp2"]
[Site "Barcelona"]
[Date "2018.02.10"]
[Round "4.9"]
[White "Subirats Ruiz, Sergi"]
[Black "Parramon Ros, Francesco"]
[Result "1-0"]
[WhiteElo "2173"]
[BlackElo "2020"]
[PlyCount "73"]
[EventDate "2018.01.20"]
[EventType "team-tourn"]
[EventRounds "7"]
[EventCountry "ESP"]
[SourceTitle "CBM 182 Extra"]
[Source "ChessBase"]
[SourceDate "2018.02.23"]
[SourceVersion "1"]
[SourceVersionDate "2018.02.23"]
[SourceQuality "1"]
[WhiteTeam "Sant Andreu"]
[BlackTeam "Gerunda"]
[WhiteTeamCountry "ESP"]
[BlackTeamCountry "ESP"]

1. e4 e5 2. Bc4 Nf6 3. d3 Bc5 4. Nc3 d6 5. f4 c6 6. Qf3 b5 7. Bb3 a5 8. a3 exf4 9. Bxf4 0-0 10. Nge2 Be6 11. d4 Bxb3 12. dxc5 Bxc2 13. cxd6 Qe8 14. e5 Nfd7 15. Qe3 g5 16. Bg3 f6 17. e6 Bg6 18. h4 Ne5 19. Bxe5 fxe5 20. e7 Rf7 21. Qxg5 Rf5 22. Qe3 Nd7 23. g4 Rf6 24. h5 Bc2 25. Kd2 b4 26. axb4 axb4 27. Rxa8 bxc3+ 28. Kxc2 Qxa8 29. Ra1 Qb8 30. Nxc3 Rxd6 31. Qg5+ Kh8 32. h6 Rg6 33. Qf5 Nf6 34. g5 Ne8 35. Rf1 Rg8 36. Qe6 Nc7 37. Qxe5+ 1-0

[Event "Catalunya-chT Gp2"]
[Site "Barcelona"]
[Date "2018.02.03"]
[Round "3.7"]
[White "Parramon Ros, Francesco"]
[Black "Martinez Ramirez, Erik"]
[Result "0-1"]
[WhiteElo "2020"]
[BlackElo "2189"]
[PlyCount "80"]
[EventDate "2018.01.20"]
[EventType "team-tourn"]
[EventRounds "7"]
[EventCountry "ESP"]
[SourceTitle "CBM 182 Extra"]
[Source "ChessBase"]
[SourceDate "2018.02.23"]
[SourceVersion "1"]
[SourceVersionDate "2018.02.23"]
[SourceQuality "1"]
[WhiteTeam "Gerunda"]
[BlackTeam "Barbera"]
[WhiteTeamCountry "ESP"]
[BlackTeamCountry "ESP"]

1. d4 Nf6 2. Nf3 g6 3. Bf4 Bg7 4. e3 d5 5. Be2 0-0 6. Nc3 c6 7. Ne5 Nbd7 8. h4 Ne4 9. Nxe4 dxe4 10. Nxd7 Bxd7 11. h5 Be6 12. hxg6 hxg6 13. f3 c5 14. c3 cxd4 15. exd4 Bd5 16. Qd2 Re8 17. Bh6 Bf6 18. fxe4 Bxe4 19. Bb5 Bc6 20. Bxc6 bxc6 21. 0-0-0 c5 22. Rdf1 cxd4 23. Rxf6 exf6 24. Bg7 g5 25. Bh8 d3 26. Rh6 Re6 27. Bxf6 Rxf6 28. Qxg5+ Rg6 29. Rxg6+ fxg6 30. Qxg6+ Kf8 31. Qf5+ Kg7 32. Qg4+ Kf6 33. Qf4+ Kg6 34. Qe4+ Kh6 35. Qe6+ Kh5 36. Qh3+ Kg6 37. Qe6+ Qf6 38. Qe4+ Kh6 39. Qxd3 Qg5+ 40. Kd1 Rd8 0-1